| 000 | 00433nam a2200157 i 4500 | ||
|---|---|---|---|
| 001 | 67810 | ||
| 003 | ES-MaACL | ||
| 005 | 20230906170143.0 | ||
| 007 | t| | ||
| 008 | 040205s1910 ag ||||1| spa d | ||
| 100 | 1 |
_aGallardo, Carlos R. _953480 |
|
| 245 | 1 | 4 |
_aLos onas _b: (tierra del fuego) / _cpor Carlos R. Gallardo. |
| 260 |
_aBuenos Aires : _bCabaut y Cía., _c1910. |
||
| 300 |
_a395 p. ; _c24 cm. |
||
| 852 |
_aES-MaACL _jD-550 |
||
| 999 |
_c67810 _d67810 |
||